ბათუმის შოთა რუსთაველის სახელმწიფო უნივერსიტეტის ბიბლიოთეკა

თხზულებანი: მოთხრობები (ბიბ.ჩანაწერი № 42997)

000 -LEADER
fixed length control field 00924nam a2200229Ia 4500
001 - CONTROL NUMBER
control field 9714
003 - CONTROL NUMBER IDENTIFIER
control field GE_BSU
008 - FIXED-LENGTH DATA ELEMENTS--GENERAL INFORMATION
fixed length control field 181216s||||||||xx |||||||||||||| ||und||
040 ## - CATALOGING SOURCE
Transcribing agency GE_BSU
080 ## - UNIVERSAL DECIMAL CLASSIFICATION NUMBER
Universal Decimal Classification number 821.353.1–32
100 ## - MAIN ENTRY--PERSONAL NAME
Personal name ნაკაშიძე,ნინო
245 ## - TITLE STATEMENT
Title თხზულებანი: მოთხრობები
245 ## - TITLE STATEMENT
Statement of responsibility, etc. შემდგ.და წინასიტყვ.ავტ.ვლ.ზამბახიძე.სარედ.კოლ.ნ.ალანია.რ. ინანიშვილი.ნ.კეცხოველი და სხვ.
260 ## - PUBLICATION, DISTRIBUTION, ETC.
Place of publication, distribution, etc. თბილისი
260 ## - PUBLICATION, DISTRIBUTION, ETC.
Name of publisher, distributor, etc. ნაკადული
260 ## - PUBLICATION, DISTRIBUTION, ETC.
Date of publication, distribution, etc. 1973
300 ## - PHYSICAL DESCRIPTION
Extent 242გვ.20სმ.
300 ## - PHYSICAL DESCRIPTION
Dimensions ლექსიკონი გვ.232-237
520 ## - SUMMARY, ETC.
Summary, etc. შენიშვნ.გვ.238-241
653 ## - INDEX TERM--UNCONTROLLED
Uncontrolled term თხზულებანი: მოთხრობები
942 ## - ADDED ENTRY ELEMENTS (KOHA)
Koha item type წიგნი
ეგზემპლარები
Withdrawn status Lost status Damaged status Not for loan Date acquired Barcode Date last seen Price effective from Koha item type
        2018-12-17 32782 2018-12-17 2018-12-17 წიგნი
        2018-12-17 32783 2018-12-17 2018-12-17 წიგნი